Proč nakupujeme jak merchandising ovlivňuje nákupní rozhodnutí a zvyšuje prodej

Enregistré dans:
Détails bibliographiques
Auteur principal: Underhill, Paco
Autres auteurs: Lisa, Aleš
Format: Livre
Langue:tchèque
Publié: Praha Management Press 2002
Sujets:
Tags: Ajouter un tag
Pas de tags, Soyez le premier à ajouter un tag!

MARC

LEADER 00000nam a2200000 4500
001 c132666
005 20221124094748.4
020 |a 80-7261-055-4 
041 0 |a cze 
044 |a CZ 
245 1 0 |a Proč nakupujeme  |b jak merchandising ovlivňuje nákupní rozhodnutí a zvyšuje prodej  |c Paco Underhill ; [z angl. orig. ... přeložil Aleš Lisa] 
264 1 |a Praha  |b Management Press  |c 2002 
300 |a 253 s. 
610 2 0 |a merchandising 
610 2 0 |a nákup 
610 2 0 |a technika obchodná 
610 2 0 |a predaj 
610 2 0 |a psychológia predaja 
610 2 0 |a obchod 
610 2 0 |a stratégia obchodná 
610 2 0 |a ponuka 
610 2 0 |a technika predaja 
610 2 0 |a zákazníci 
610 2 0 |a obchodníci 
610 2 0 |a obchod elektronický 
610 2 0 |a psychológia trhu 
100 1 |a Underhill, Paco 
700 1 |a Lisa, Aleš